000
00263nam a22000977a 4500
008
240404b |||||||| |||| 00| 0 eng d
020
_a
9789350125052
100
_a
BHATIA
245
_a
THE ENGLISH ENHANCEMENT BOOK
260
_a
NEW DELHI
_b
RAMESH PUBLISHING HOUSE
_c
2014
999
_c
12553
_d
12553